000 01158nam0a22003131 4500
001 rc\4102101
005 20250611092049.0
021 _aRU
_b[51-34102]
035 _a(NLR Aleph) 008139506
090 _a9475025
_c9475025
100 _a20130415d1951 |||y0rusy50 ca
101 1 _arus
_ceng
102 _aRU
105 _aab z |||||
200 1 _aВлияние леса на климат, почвы и водный режим
_fПер. с англ. Е.Н. Аксеновой
_gПод ред. и с предисл. проф. С.В. Зонна
210 _aМосква
_cИзд-во иностр. лит.
_d1951
215 _a456 с.
_cчерт., карт.
_d23
320 _aБиблиогр.: с. 424-439 (381 назв.)
606 _aЛес
_xВлияние на почвы
_2psbo
606 _aЛес
_xВлияние на климат
_2psbo
606 _aЛес
_xВодоохранная роль
_2psbo
700 1 _aКитредж
_bДж.
702 1 _aЗонн
_bС.В.
_4340
_4080
702 1 _aАксенова
_bЕ.Н.
_4730
801 0 _aRU
_bNLR
_gpsbo
801 1 _aRU
_bELAR
_2rusmarc
852 _aNLR
_jС60 Г-5/138
942 _cBOOK
980 _aNB